I know How She Does It (Record no. 96729)

MARC details
000 -LEADER
fixed length control field 00550nam a2200217Ia 4500
005 - DATE AND TIME OF LATEST TRANSACTION
control field 20251122095626.0
008 - FIXED-LENGTH DATA ELEMENTS--GENERAL INFORMATION
fixed length control field 230125s9999 xx 000 0 und d
020 ## - INTERNATIONAL STANDARD BOOK NUMBER
International Standard Book Number 978-0-241-19951-0
041 ## - LANGUAGE CODE
Language code of text/sound track or separate title eng
082 ## - DEWEY DECIMAL CLASSIFICATION NUMBER
Classification number 158.1
Item number VAN
100 ## - MAIN ENTRY--PERSONAL NAME
Author Vanderkam L
245 ## - TITLE STATEMENT
Title I know How She Does It
250 ## - EDITION STATEMENT
Edition statement 1st Ed.
260 ## - PUBLICATION, DISTRIBUTION, ETC.
Date of publication, distribution, etc. 2015
Name of publisher, distributor, etc. Portfolio Books
Place of publication, distribution, etc. London
300 ## - PHYSICAL DESCRIPTION
Extent 296p
500 ## - GENERAL NOTE
Keywords Personality Development
650 ## - SUBJECT ADDED ENTRY--TOPICAL TERM
Topical term or geographic name entry element Personality Development
700 ## - ADDED ENTRY--PERSONAL NAME
Personal name Vanderkam L
942 ## - ADDED ENTRY ELEMENTS (KOHA)
Koha item type Books
906 ## - LOCAL DATA ELEMENT F, LDF (RLIN)
b 149.75
Holdings
Withdrawn status Lost status Damaged status Not for loan Home library Current library Date acquired Vendor Net Price Bill number Total Checkouts Full call number Barcode Date last seen Date last checked out Actual Price Bill Date Koha item type Original Barcode
        Smt. Hiraben Nanavati Institute of Management & Research for Women Smt. Hiraben Nanavati Institute of Management & Research for Women 13/03/2021 Forward Books 599.00 11380 1 158.1 VAN B21582 HIMR-BK-21582 28/10/2025 13/10/2025 449.25 12/03/2021 Books B21582